[Event "Dilijan FIDE GP (Women)"]
[Site "Dilijan"]
[Date "2013.06.23"]
[Round "7"]
[White "Ushenina, Anna"]
[Black "Harika, Dronavalli"]
[Result "1/2-1/2"]
[WhiteElo "2499"]
[BlackElo "2492"]
[Annotator "CB"]
[PlyCount "286"]
[EventDate "2013.06.16"]
[EventType "tourn"]
[EventRounds "11"]
[EventCountry "ARM"]
[EventCategory "11"]
[SourceTitle "CBM 155"]
[Source "ChessBase"]
[SourceDate "2013.07.16"]
[SourceVersion "1"]
[SourceVersionDate "2013.07.16"]
[SourceQuality "1"]

{A complicated game from the very beginning. Both players had chances in this
game. The rook and pawn against bishop and pawn endgame wasn't as simple as it
seemed to be.} 1. d4 Nf6 2. c4 g6 3. Nc3 d5 4. Qb3 dxc4 5. Qxc4 Bg7 6. Bf4 Na6
7. e4 O-O 8. Rd1 c6 9. Nf3 Qa5 10. Qd3 b5 11. Nd2 Be6 12. a3 Nh5 13. Be3 f5 14.
exf5 Bxf5 15. Nce4 Qc7 16. g3 Rad8 17. Bg2 Kh8 18. O-O e5 19. Nb3 c5 20. Qxb5
cxd4 21. Qxa6 dxe3 22. Rc1 Qf7 23. Nbc5 Bh6 24. Rce1 exf2+ 25. Rxf2 Qe7 26. b4
Nf6 27. Nxf6 Rxf6 28. Qb7 Qxb7 29. Bxb7 Rfd6 30. Kg2 Rd2 31. Ne4 R2d3 32. a4
R3d4 33. b5 Rxa4 34. Nc5 Rc4 35. Rxe5 Bg7 36. Ne6 Re8 37. Rexf5 gxf5 38. Nxg7
Kxg7 39. Rxf5 Rc2+ 40. Kh3 Ree2 41. Bd5 Rcd2 42. Kg4 Rxh2 43. Rg5+ Kf6 44. Rf5+
Ke7 45. Rf7+ Ke8 46. Rf5 h6 47. Bc6+ Ke7 48. Re5+ Kf6 49. Rf5+ Kg7 50. Rf4 Rdf2
51. Ra4 Rf7 52. Rb4 Rd2 53. b6 axb6 54. Rxb6 Rd4+ 55. Kh3 Rd6 56. Ra6 Kf6 57.
Bb5 Rxa6 58. Bxa6 Ke5 59. Kg2 Kd4 60. Bb5 Ke3 61. Bc6 Rc7 62. Ba8 Rc2+ 63. Kg1
Rb2 64. Bc6 Kd4 65. Bf3 Ke5 66. Kf1 Kd4 67. Kg1 Rc2 68. Bb7 Ke3 69. Ba8 h5 70.
Bb7 Rc7 71. Bd5 Rc5 72. Bb7 Rg5 73. Kh2 Rb5 (73... Kf2 74. Kh3 Rxg3+ 75. Kh4
Rg7 76. Bc6 Rh7 77. Be8 Kf3 78. Bc6+ (78. Bxh5+ Kf4 $19) 78... Kf4 {wins.}) 74.
Bc6 Rc5 75. Be8 Re5 76. Bf7 Rf5 77. Be8 Re5 78. Bf7 Re7 79. Bxh5 Rh7 80. g4 Kf4
81. Kg2 Rd7 82. Kf2 Rd2+ 83. Ke1 Ke3 84. Bf7 Rd7 85. Be6 Rd6 86. Bf5 Rd8 87.
Bg6 Rd7 88. Bf5 Rd6 89. g5 Rd5 90. Bh7 Rxg5 {After the missed opportunity
Harika tried for 50 more moves to win this rook against bishop theoretical
draw ending. The defense is simple, so it was really a waste of time.} 91. Kd1
Rc5 92. Bg6 Rc6 93. Bf5 Rf6 94. Bh7 Rc6 95. Bf5 Kd4 96. Kd2 Rc3 97. Bg6 Rg3 98.
Bf5 Rg2+ 99. Kc1 Rg5 100. Be6 Kc3 101. Kb1 Rg1+ 102. Ka2 Rg6 103. Bf5 Ra6+ 104.
Kb1 Kb3 105. Bc2+ Kc3 106. Bf5 Rf6 107. Be4 Rf4 108. Bg6 Kb3 109. Ka1 Ra4+ 110.
Kb1 Rg4 111. Bf7+ Kc3 112. Be6 Rg2 113. Ka1 Rg1+ 114. Ka2 Rf1 115. Bd5 Re1 116.
Bf7 Re7 117. Bg6 Ra7+ 118. Kb1 Kb3 119. Bc2+ Ka3 120. Ka1 Ra5 121. Be4 Kb3+
122. Kb1 Re5 123. Bc2+ Kc3 124. Bg6 Rg5 125. Be4 Rg4 126. Bf5 Rf4 127. Bg6 Kb3
128. Bc2+ Ka3 129. Ka1 Rf7 130. Be4 Rf8 131. Bg6 Kb3 132. Be4 Re8 133. Bf5 Re5
134. Bg6 Kc3 135. Kb1 Kd2 136. Kb2 Rb5+ 137. Ka2 Rb6 138. Bf5 Rf6 139. Be4 Kc1
140. Bh7 Rb6 141. Bf5 Rb2+ 142. Ka3 Rf2 143. Bh7 Rf7 1/2-1/2

[Event "Dilijan FIDE GP (Women)"]
[Site "Dilijan"]
[Date "2013.06.26"]
[Round "9"]
[White "Ushenina, Anna"]
[Black "Cmilyte, Viktorija"]
[Result "0-1"]
[WhiteElo "2499"]
[BlackElo "2511"]
[Annotator "CB"]
[PlyCount "52"]
[EventDate "2013.06.16"]
[EventType "tourn"]
[EventRounds "11"]
[EventCountry "ARM"]
[EventCategory "11"]
[SourceTitle "CBM 155"]
[Source "ChessBase"]
[SourceDate "2013.07.16"]
[SourceVersion "1"]
[SourceVersionDate "2013.07.16"]
[SourceQuality "1"]

1. d4 Nf6 2. c4 g6 3. Nc3 d5 4. Qb3 dxc4 5. Qxc4 Be6 6. Qb5+ Bd7 7. Qd3 c5 8.
d5 Na6 9. e4 Bg7 10. e5 {This push is simply too early...} Ng4 11. f4 Nb4 12.
Qd1 Bf5 13. Qa4+ {... and now White can simply resign.} Kf8 14. h3 {She has no
satisfactory defence against} Nc2+ 15. Ke2 a6 $1 {a very nice move. Now
White's queen is in trouble.} 16. Qc4 b5 17. Qxc5 Rc8 18. Qa7 Nxa1 (18... Rc7
19. Qxa6 Rxc3 20. hxg4 (20. bxc3 Qxd5) 20... Bc8 21. Qa7 Rc7 {also wins.}) 19.
hxg4 Bxg4+ 20. Kf2 b4 21. Nce2 Qxd5 22. Qxa6 h5 23. Nf3 Bh6 24. Be3 Nc2 25. Ba7
Kg7 26. Kg3 Ra8 0-1

[Event "USA-ch"]
[Site "Saint Louis"]
[Date "2009.05.14"]
[Round "7"]
[White "Ibragimov, Ildar"]
[Black "Khachiyan, Melikset"]
[Result "1-0"]
[WhiteElo "2586"]
[BlackElo "2546"]
[Annotator "Ftacnik,L"]
[PlyCount "75"]
[EventDate "2009.05.08"]
[EventType "swiss"]
[EventRounds "9"]
[EventCountry "USA"]
[SourceTitle "CBM 130"]
[Source "ChessBase"]
[SourceDate "2009.05.20"]
[SourceVersion "1"]
[SourceVersionDate "2009.05.20"]
[SourceQuality "1"]

1. d4 Nf6 2. c4 g6 3. Nc3 d5 4. Qb3 dxc4 5. Qxc4 Bg7 6. e4 O-O 7. Be2 {The
line with 4.Qb3 against the Gruenfeld is gaining popularity. White is hoping
to postpone the move Nf3 and thus rob his opponent of the natural developing
move Bg4.} Nfd7 8. Be3 Nb6 9. Qd3 {The queen on d3 is definitely less exposed
than on c5, but the more active move has first induced the interest in the
whole system. Black can choose between attacking the center with 9...e5 and 9..
.f5. In both cases the second player is fighting for equality.} (9. Qc5 f5 (
9... e5 10. Nf3 N8d7 (10... exd4 11. Bxd4 Bg4 $5 (11... N8d7 12. Qa5 Bxd4 13.
Nxd4 Qf6 14. Rd1 Qe5 15. Qxe5 Nxe5 16. f4 Nec4 17. Bxc4 Nxc4 18. b3 Ne3 19. Rd2
$14 {1/2-1/2 Yakovich,Y-Ernst,T/Gothenburg 2002/ (83)}) 12. Bxg7 Kxg7 13. Rd1
N8d7 14. Qd4+ Kg8 (14... Qf6 $2 15. e5 $18) (14... f6 $2 15. Ng5 $1) 15. e5
Bxf3 16. Bxf3 c6 17. Bg4 f5 18. Be2 Qe7 19. f4 Nc5 20. O-O Rfd8 21. Qe3 Ne6 22.
a3 Rxd1 23. Rxd1 Rd8 24. g3 Kf8 $11 {1/2-1/2 Miton,K (2563)-Krasenkow,M (2609)/
Warsaw 2004/}) 11. Qa5 (11. Qa3 exd4 12. Bxd4 Bxd4 13. Nxd4 Qg5 14. O-O Qc5 15.
Qxc5 Nxc5 16. Rfd1 c6 17. Rd2 a5 18. Rad1 Rd8 19. f4 Ne6 20. g3 Nxd4 21. Rxd4
Rxd4 22. Rxd4 Kf8 23. e5 Be6 24. a3 Bd5 $11 {1/2-1/2 Moiseenko,A (2643)
-Rodshtein,M (2614)/Maalot-Tarshiha 2008 (35)}) 11... exd4 12. Bxd4 Bxd4 13.
Nxd4 Qe7 (13... Qf6 14. Rd1 Qe5 15. Qxe5 Nxe5 16. f4 Nec4 17. Bxc4 Nxc4 18. b3
Ne3 19. Rd2 Rd8 20. Ndb5 $14 {1/2-1/2 Yakovich,Y-Ernst,T/Gothenburg 2002/ (83)}
) 14. O-O Nc5 (14... Rd8 15. Rad1 Ne5 16. Nb3 Re8 17. Qc5 Qxc5 18. Nxc5 c6 19.
Rd4 Ned7 20. Nb3 $1 a5 21. a3 (21. a4 $5) 21... Kf8 (21... a4 $5 22. Nd2 Nc5
23. Rb4 $1 Nbd7 24. f4 b5 $14) 22. f4 f6 23. h4 {1-0 Sakaev,K (2633)-Ftacnik,L
(2573)/Dresden 2007/ (54)}) 15. Qa3 Re8 16. Rfe1 Ne6 17. Qxe7 Rxe7 18. Nc2 Nc5
19. f3 {1/2 Ivanchuk,V (2729)-Svidler,P (2736)/Foros 2007/ Black has finally
showed the way to safe equality.}) 10. Rd1 {White is not yer fully prepared to
meet the challenges of the conflict in the center.} (10. Nf3 fxe4 11. Nxe4 N8d7
(11... Nc6 12. O-O Bf5 $11) 12. Qc2 Nf6 13. O-O Nbd5 14. Bc4 c6 15. Nc5 Kh8 16.
Ne5 Qd6 17. Qe2 Nh5 18. Ne4 Qd8 19. Ng5 Qe8 20. f4 {1-0 Bluvshtein,M (2548)
-Zugic,I (2457)/Montreal/2008/ (35)}) (10. Nh3 N8d7 11. Qa3 Nf6 12. Qb3+ e6 13.
exf5 gxf5 14. O-O a5 15. Rad1 a4 16. Qc2 Nfd5 17. Bg5 Qd6 18. Qc1 Bd7 19. Nf4
Bc6 20. Nh5 {1/2-1/2 Yakovich,Y (2596)-Sakaev,K (2665)/St Petersburg 2004})
10... fxe4 (10... N8d7 11. Qa3 fxe4 12. Qb3+ Kh8 13. Nxe4 Nf6 14. Nxf6 exf6 15.
d5 Bd7 16. Rd2 c6 17. dxc6 bxc6 18. Nf3 Nd5 19. Bc5 (19. O-O $5 Re8 20. Rfd1
$11) 19... Re8 20. O-O Qa5 $11 {0-1 Yakovich,Y (2580)-Smikovski,I (2492)/
Samara 2000/ (31)}) 11. Nxe4 Be6 12. b3 Bd5 13. Qc2 Nc6 14. Nf3 Nb4 15. Qd2
Bxe4 16. Qxb4 Nd5 17. Qd2 Bxf3 18. Bxf3 Nxe3 19. fxe3 {1/2 Savchenko,S (2604)
-Feller,S (2513)/Le Touquet 2007/}) 9... f5 {Black is not obliged to
compromise his kingside pawn structure with this advance, since he can try for
the more traditional approach with the timely e7-e5 advance.} (9... Nc6 10. Nf3
(10. Rd1 e5 11. d5 Nd4 12. Nf3 Nxe2 13. Qxe2 Bd7 14. Nd2 Na4 15. Nb3 Nxc3 16.
bxc3 Qh4 17. O-O b6 18. f3 c6 19. c4 f5 {1/2-1/2 Babula,V (2581)-Ftacnik,L 
(2562)/Slovakia 2009}) 10... Bg4 11. O-O-O Bxf3 12. gxf3 e5 13. dxe5 Qxd3 14.
Bxd3 Nxe5 15. f4 Nxd3+ 16. Rxd3 Rfe8 17. Rhd1 c6 18. Bd4 Bh6 19. Be3 Bg7 20.
Bd4 Bh6 {1/2-1/2 Pashikian,A (2621)-Maslak,K (2541)/Moscow 2009}) 10. Rd1 Nc6 {
Very consequent and ambitious seems to be the idea of pushing dark square
bishop away with 10...f4 and then attacking the center. So far white were
unable to achieve any advantage, even though the defenders had to play really
well.} (10... f4 11. Bc1 e5 12. d5 c6 13. Nf3 cxd5 14. Nxd5 Nxd5 15. Qxd5+ (15.
Qb3 Kh8 16. Bc4 Nc6 17. Bxd5 Qe7 18. h3 (18. Bd2 Bg4 19. Bxc6 bxc6 20. Bb4 c5
21. Bc3 Rae8 {1/2-1/2 Aleksandrov,A (2636)-Zinchenko,Y (2527)/Moscow 2009 (44)}
) 18... Nb4 19. Bc4 b5 20. Bxb5 Nxa2 21. Bd2 Rb8 22. Qa4 Qb7 23. O-O Qxb5 24.
Qxa2 Qxb2 25. Qxa7 $11 {1-0 Carlsen,M (2776)-Dominguez Perez,L (2717)/Wijk aan
Zee 2009 (39)}) 15... Qxd5 16. exd5 Bf5 17. O-O Nd7 18. Rfe1 a6 19. Bd2 Rac8
20. Ng5 Rc2 21. Ne6 Rfc8 22. Nxg7 Kxg7 23. Bc3 Kf6 {1/2-1/2 Jakovenko,D (2737)
-Mamedyarov,S (2731)/Elista 2008 (57)}) 11. Nf3 Nb4 $146 {[%mdl 4] Khachiyan
is finally deviating from the known games with consequent idea of occupying
the center with pieces.} (11... f4 12. Bc1 Bg4 13. e5 Qd7 14. Ne4 Rad8 (14...
Qd5 $5) 15. Nc5 Qc8 16. Qc3 e6 17. h3 Bh5 18. O-O Nd5 19. Qb3 Na5 20. Qc2 Nc6
21. Ng5 Ndb4 22. Qe4 Bxe2 23. Qxe2 Nxd4 24. Rxd4 Rxd4 25. Ncxe6 c5 26. Nxf8
Bxf8 27. Nf3 $16 {1/2-1/2 Kramnik,V (2772)-Dominguez Perez,L (2719)/Dresden
2008 (45)}) 12. Qd2 (12. Qb1 fxe4 13. Ne5 Nd3+ 14. Nxd3 exd3 15. Qxd3 Bf5 $11)
12... fxe4 13. Nxe4 N6d5 (13... Bf5 14. Qxb4 Bxe4 15. d5 Bxf3 (15... Bxd5 $2
16. Bxb6 axb6 17. Rxd5 $1 $18) 16. Bxf3 Qd6 17. Qb3 a5 $11) 14. Bg5 (14. O-O
Bf5 15. Ng3 Bg4 16. h3 Bxf3 17. Bxf3 Rxf3 18. gxf3 Nxa2 $13) 14... Bf5 15. Ng3
Nc2+ $2 {Black might have been more or less satisfied with the outcome of the
opening. His positions was not so good as enabling a generous investment of
tempoes for the sheer prevention of castling.} (15... Bg4 16. O-O Nc6 17. Ne5
Nxe5 18. dxe5 Bxe2 19. Nxe2 c6 20. Nd4 $14) 16. Kf1 Ncb4 17. Nxf5 Rxf5 (17...
gxf5 18. Bc4 Kh8 19. a3 Nc6 20. h4 $16) 18. h4 $1 {Ibragimov his activating
his rook, attacking the vulnerable kingside and preparing the scope to
efficiently use his bishop pair.} Qd6 (18... h5 19. a3 Nc6 20. Rh3 $16) 19. h5
Raf8 (19... Nxa2 20. hxg6 hxg6 21. Bd3 Rxf3 22. gxf3 Nab4 23. Be4 $16) 20. hxg6
hxg6 (20... Qxg6 $2 21. Bxe7 $1 Nxe7 22. Qxb4 $16) 21. a3 (21. Bc4 e6 22. a3
Nc6 23. Rh4 $1 $16) 21... Nc6 22. Bd3 {White feels confident enough to force
the crises with this daring bishop activation.} (22. Rh3 R8f7 23. Bc4 e6 24.
Rh4 $16) 22... Rxf3 (22... R5f7 23. Be4 $16) 23. gxf3 Nxd4 (23... Rxf3 24. Be4
Rf7 25. Qd3 Nf4 26. Bxf4 Rxf4 27. Rg1 Qf6 28. Rd2 $16) 24. Be4 Nf4 {The
defender must be looking for some special ideas as all the standard lines are
heavily favouring white.} (24... c6 25. Bh6 $1 Nxf3 26. Bxd5+ cxd5 27. Qxd5+
Qxd5 28. Rxd5 $16) 25. Bxf4 Rxf4 26. Rg1 $6 {Even better idea seems to be the
excentric move with a white queen.} (26. Qa5 $1 Qe5 (26... c6 27. Qxa7 $18) 27.
Qd5+ Qxd5 28. Bxd5+ Kf8 29. Bxb7 $16) 26... Nxf3 (26... Qa6+ 27. Qd3 Nxf3 28.
Qxa6 bxa6 29. Bxf3 Rxf3 30. Rxg6 $16) 27. Qd5+ $1 {All the endgames will be
better for white, but he must take special care to avoid the defensible ones.}
(27. Bxf3 Rxf3 28. Qe2 Qc6 $14) 27... Qxd5 (27... e6 28. Qxd6 cxd6 29. Bxf3
Rxf3 30. Rxd6 Bxb2 31. Rd7 $1 Rf7 32. Rxg6+ Kf8 33. Rxf7+ Kxf7 34. Rg3 $16) 28.
Bxd5+ Kf8 (28... Kh7 29. Rh1+ Nh4 30. Re1 Bxb2 31. Rxe7+ Kh6 32. Rh3 $16) 29.
Rxg6 c6 30. Ba2 $1 Nd4 31. Rd3 e5 (31... e6 32. Bxe6 Nxe6 33. Rxe6 Bxb2 34. Rb3
Bd4 35. Rxb7 Rxf2+ 36. Ke1 $18) 32. Rh3 $1 {Ibragimov is trying to decide the
game in direct attack of his active pieces.} e4 (32... Rf6 33. Rg5 Rh6 34. Rxh6
Bxh6 35. Rg8+ Ke7 36. Rh8 Bc1 37. Rh7+ Kd6 38. Rxb7 $18) 33. Rh7 e3 {Desperate
meassure, but at least black will not have to endure the hopeless fight in the
lost endgame.} (33... Nf5 34. Be6 Rh4 35. Rgxg7 Nxg7 36. Rxh4 Nxe6 37. Rh7 $18)
34. Rgxg7 Rxf2+ 35. Kg1 Ne2+ (35... Nf3+ 36. Kh1 Rf1+ 37. Kg2 Rg1+ 38. Kxf3
Rxg7 39. Rxg7 Kxg7 40. Kxe3 $18) 36. Kh1 Rf1+ 37. Kh2 Rf2+ 38. Rg2 1-0

[Event "Helsinki op"]
[Site "Helsinki"]
[Date "1992.??.??"]
[Round "3"]
[White "Yakovich, Yuri"]
[Black "Ernst, Thomas"]
[Result "0-1"]
[WhiteElo "2520"]
[BlackElo "2570"]
[Annotator "Ftacnik,L"]
[PlyCount "108"]
[EventDate "1992.09.??"]
[EventType "swiss"]
[EventRounds "9"]
[EventCountry "FIN"]
[SourceTitle "CBM 032"]
[Source "ChessBase"]
[SourceDate "1993.02.01"]
[SourceVersion "1"]
[SourceVersionDate "1993.02.01"]
[SourceQuality "1"]

1. d4 Nf6 2. c4 g6 3. Nc3 d5 4. Qb3 dxc4 5. Qxc4 Be6 6. Qb5+ Bd7 7. Qb3 Nc6 8.
Nf3 Bg7 9. e4 O-O 10. h3 Rb8 11. Be3 b5 12. Bd3 $146 (12. Qc2) 12... b4 $6 (
12... Ne8 $5) 13. Ne2 (13. Na4 Nxd4 $1 14. Bxd4 e5 15. Bxa7 Ra8 $13) 13... a5
14. O-O a4 15. Qd1 Re8 16. Rc1 Rb7 17. Rc5 e6 18. Qd2 (18. Ne5 $1 Rb6 (18...
Nxe5 19. dxe5 Nh5 20. g4 $18) 19. Nxd7 Nxd7 20. Rc1 $16) 18... Bf8 19. Rcc1 e5
20. Nxe5 (20. d5 Na5 21. Bc5 Bd6 $132) 20... Nxe5 21. dxe5 Rxe5 22. Rfd1 Bb5
23. Bd4 Re6 24. Bxb5 Rxb5 25. Qc2 $6 Nxe4 26. Nf4 (26. Qxc7 Qxc7 27. Rxc7 $10)
26... Re8 27. Qxa4 Nd6 28. Bc5 Qg5 29. Nd5 Re2 $1 $132 30. Be3 Qf5 31. Nxc7 Re5
32. Rf1 (32. Qc6 R5xe3 33. fxe3 Qf2+ 34. Kh1 Nf5 35. Ne8 Rxe3 36. Nf6+ Kh8 37.
Rg1 Ng3+ 38. Kh2 Qf4 39. Ng4 Nf1+ 40. Kh1 Qh2+ $1 41. Nxh2 Ng3#) 32... R5xe3
33. fxe3 Qg5 34. Qc6 Qxe3+ 35. Kh1 Ne4 36. Nd5 (36. Rf3 Re1+ 37. Rxe1 Qxe1+ 38.
Kh2 Bd6+ $19) 36... Nf2+ (36... Ng3+ 37. Kh2 Nxf1+ 38. Rxf1 $17) 37. Rxf2 (37.
Kh2 Qe5+ 38. Kg1 Nxh3+ 39. Kh1 Nf2+ 40. Kg1 Qg3 41. Nf6+ Kg7 42. Rc2 Bd6 43.
Rxe2 Nh3+ 44. Kh1 Qh2#) 37... Qxf2 38. Nf6+ Kg7 39. Ng4 Qf4 40. Rb1 Bd6 41. Qa6
Rxb2 $1 42. Rf1 (42. Rxb2 Qc1+) 42... Rxa2 43. Qd3 Rd2 44. Qb1 Qd4 45. Nf6 Be7
46. Ne4 Rb2 47. Qe1 Qe5 48. Qc1 f5 49. Ng5 Re2 50. Nf3 Qg3 51. Rg1 Bd6 52. Qa1+
Kh6 53. Qc1+ Bf4 54. Qc5 Qxf3 0-1

[Event "Hasselbacken"]
[Site "Stockholm"]
[Date "2001.08.04"]
[Round "8"]
[White "Yakovich, Yuri"]
[Black "Ernst, Thomas"]
[Result "1-0"]
[WhiteElo "2577"]
[BlackElo "2435"]
[Annotator "Krasenkow,M"]
[PlyCount "51"]
[EventDate "2001.07.28"]
[EventType "tourn"]
[EventRounds "9"]
[EventCountry "SWE"]
[EventCategory "9"]
[SourceTitle "CBM 085"]
[Source "ChessBase"]
[SourceDate "2001.11.13"]
[SourceVersion "1"]
[SourceVersionDate "2001.11.13"]
[SourceQuality "1"]

1. d4 Nf6 2. c4 g6 3. Nc3 d5 4. Qb3 {This old, simingly harmless line is often
(and successfully) applied by GM Yuri Yakovich.} dxc4 5. Qxc4 Be6 6. Qb5+ Nc6 (
6... Bd7 {is considered more accurate:} 7. Qb3 (7. Qxb7 Nc6 $5 (7... Bc6 8. Qb3
Qxd4 9. Be3 $1 Qe5 10. Nf3 (10. Bxa7 $5 Nbd7 11. Be3 $14 {I.Tzur}) 10... Bxf3
11. exf3 Nbd7 12. Bb5 Bh6 13. O-O-O $1 Bxe3+ 14. fxe3 Qxe3+ 15. Kb1 $14 Rb8 $2
(15... Rd8 16. Qa4 Qe6) 16. Nd5 $1 {1-0 Tzur,I-Bechalov/corr/1990}) 8. e3 Rb8
9. Qa6 Nb4 10. Qe2 c5 $1 $36) 7... Nc6 (7... Bc6 8. Nf3 Bg7 9. e3 O-O 10. Be2
Nbd7 11. O-O Nb6 12. Qc2 Nbd5 13. Ne5 Be8 14. Bf3 $14 {1/2-1/2 Fine,R-Flohr,S/
Semmering 1937/HCL (25)}) 8. Nf3 Bg7 9. e4 O-O 10. h3 Rb8 {leads to the game
position.}) 7. Nf3 (7. Qxb7 $2 Nxd4 $19) 7... Rb8 (7... Nd5 {is not good in
view of} 8. e4 (8. Qxb7 $2 Ndb4 9. Qb5 Nc2+ 10. Kd1 N2xd4 $17 {Feigin-Flohr/
Kemeri/1937}) (8. Qa4 Bg7 9. e3 O-O 10. Be2 Nb6 11. Qd1 Bf5 12. e4 Bg4 13. d5
Bxf3 14. Bxf3 Nd4 15. Be3 c5 $132 {0-1 Morris,H-Santasiere,A/Ventnor City 1940/
HCL (37)}) (8. Nxd5 Bxd5 9. e3 e6 10. Bd2 a6 11. Qa4 Bd6 12. Be2 O-O 13. Qc2
Nb4 14. Qb1 f5 15. O-O Nc6 16. Bc3 Qe7 $15 {0-1 Feigin,M-Flohr,S/Kemeri 1937/
HCL (39)}) (8. Ne5 $5) 8... Ndb4 (8... Nxc3 9. bxc3 Bg7 10. Bd2 Bd7 11. Qxb7
O-O 12. Be2 Rb8 13. Qa6 Rb6 14. Qa3 e6 15. O-O $16 {1-0 Hartleb,G-Ackermann,D/
Omaha 1949/EXT 99 (34)}) 9. Qa4 Bd7 10. Qd1 e5 11. a3 exd4 12. Nb1 Na6 13. b4
Naxb4 (13... Nab8 $6 14. b5 Na5 15. Qxd4 $16 {Bogatyrev,A-Kotov,A/URS/1937/})
14. axb4 Bxb4+ 15. Bd2 Qe7 16. Bd3 O-O (16... Bxd2+ 17. Nbxd2 Nb4 18. Qe2 c5
19. O-O O-O 20. e5 Kg7 21. Ne4 Bc6 22. h4 $16 {1-0 Petrosian,T-Benko,P/Los
Angeles 1963/MCL/[Dolmatov] (43)}) 17. O-O a5 18. Bxb4 Qxb4 19. Na3 Bg4 20. Nb5
Bxf3 21. Qxf3 Ne5 22. Qg3 Nxd3 23. Qxd3 c6 24. Rfb1 Qe7 25. Nxd4 Rfd8 26. Qe3
$16 {1/2-1/2 Yudovich,M-Belavenets,S/Tbilisi 1937/EXT 2000 (36)}) (7... Bg7 {
was played in another game by Y.Yakovich:} 8. Qxb7 Na5 9. Qb5+ c6 10. Qa4 O-O
11. e4 Bd7 12. Qd1 c5 13. dxc5 Qc8 14. Be2 Qxc5 15. O-O Bc6 16. Bd2 $1 Nxe4 17.
Nxe4 Bxe4 18. Qa4 Bxf3 19. Bxf3 Nc4 20. Rac1 Nxb2 21. Qd7 Qd4 22. Qxd4 Bxd4 23.
Bxa8 Rxa8 24. Bc3 $18 {1-0 Yakovich,Y-Kallio,H/Gothenburg 2001/CBM 81 (28)}) 8.
e4 (8. Ne5 {was played in the stem game Euwe,M-Alekhine,A/NLD 1935/MainBase/
[ChessBase] (45), which saw} Bd7 9. Nxd7 Qxd7 10. d5 Nd4 11. Qd3 e5 12. e3 Nf5
13. e4 $6 (13. Be2 $14 {Euwe}) 13... Nd6 $6 (13... Nd4 $1 14. f4 Bd6 15. fxe5
Bxe5 16. Bf4 Qd6 $10 {Euwe}) 14. f4 Qe7 15. Be3 $2 (15. fxe5 Qxe5 16. Be3 $1
$16 {Euwe}) 15... Ng4 $2 (15... exf4 16. Bd4 $5 (16. Bxa7 Nfxe4 $1 {Euwe})) 16.
Bxa7 Ra8 17. h3 Rxa7 18. hxg4 Bg7 19. Qe3 Ra5 20. f5 Bf6 $1 $44) 8... Bd7 (8...
a6 {brings White the better prospects after} 9. Qd3 Bg4 10. d5 Bxf3 11. gxf3
Ne5 12. Qd1 Bg7 13. f4 Ned7 14. e5 Ng8 15. Bh3 $16 {1-0 Najdorf,M-Szabo,L/Mar
del Plata 1948/MCD (24)}) 9. Qb3 Bg7 10. h3 (10. d5 Na5 11. Qc2 {doesn't bring
White any dividends after} c6 $1 12. b4 cxd5 (12... Nxe4 $6 13. Bb2 Bf5 14. Nh4
) 13. e5 (13. bxa5 Nxe4) 13... Ne4 $1 14. Nxd5 (14. bxa5 Qxa5 15. Bd2 Nxd2 16.
Qxd2 Bh6 $1 17. Qd4 Rc8 18. e6 Qxc3+ 19. Qxc3 Rxc3 20. exd7+ Kxd7 $15 {_|_})
14... Bf5 15. Ne3 Nc6 {with good counterplay for Black}) 10... O-O 11. Be3 b5
12. Bd3 {GM Ernst's improvement.} (12. Qc2 $6 b4 13. Nd1 b3 $1 14. axb3 Nb4 15.
Qc1 Nxe4 16. Rxa7 c5 17. dxc5 Be6 18. Ra3 Qd3 $1 19. Bxd3 Nxd3+ 20. Ke2 Nxc1+
21. Bxc1 Nxc5 $15 {0-1 Forintos,G-Adorjan,A/Wijk aan Zee 1971/MCL (42)}) ({
Adorjan's recommendation} 12. e5 Ne8 13. Qd1 b4 14. Ne4 {has not yet been
tested}) 12... Ne8 (12... b4 $2 {was played in the previous game between the
same players and was confidently refuted:} 13. Ne2 $1 a5 14. O-O a4 15. Qd1 Re8
16. Rc1 Rb7 17. Rc5 e6 18. Qd2 (18. Ne5 $1 $16 {Ernst,Th}) 18... Bf8 19. Rcc1
e5 20. Nxe5 Nxe5 21. dxe5 Rxe5 $14 {0-1 Yakovich,Y-Ernst,T/Helsinki 1992/Inf
55/[Ernst,Th] (54)}) 13. e5 $1 {[%csl Re8] An important move. White doesn't
allow the black knight to re-enter the game via d6.} Be6 14. Qd1 ({Of course,
not} 14. d5 Nxe5) 14... Nb4 $2 {This pawn sacrifice proves to be incorrect.
Black is too passive (especially his e8 knight) to obtain compensation.} (14...
b4 15. Ne4 Bd5 {,followed by ...f7-f6, should be tried.}) 15. Bxb5 Bf5 ({After
} 15... Nxa2 16. Bxe8 Nxc3 17. Bxf7+ Bxf7 18. bxc3 {White is still a pawn up
and the black g7 bishop is dead forever.}) 16. O-O Nc2 (16... c6 17. Be2 Nc2 {
is not enough either due to} 18. g4 $1) 17. Rc1 (17. g4 {was possible here,
too, but White doesn't need it.}) 17... c6 18. Bxc6 Nxe3 (18... Rxb2 19. Qe2)
19. fxe3 Rxb2 20. e4 Bd7 21. Na4 {Why? After} (21. Qa4 {White is a pawn up in
a comfortable position.}) 21... Rxa2 22. Qb3 Bxc6 23. Rxc6 Re2 {It is not so
easy to trap this rook!} 24. Qd3 Qd7 $2 {A blunder which ends the game.} ({
In case of} 24... Ra2 {White could repeat the position:} 25. Qb3 Re2 {and then
continue} 26. Nc5 Qa8 27. Qa4 {with an overwhelming advantage.}) 25. Ra6 Ra2
26. Nc5 1-0